| 000 | 01171nac a22002891u 4500 | ||
|---|---|---|---|
| 010 | _a 00027525 | ||
| 020 | _a0471374733 (cloth : alk. paper) | ||
| 082 | 0 | 0 |
_a658.40380285574 _bINM |
| 090 |
_c7517 _d7517 |
||
| 100 | _aInmon, William H. | ||
| 245 | 1 | 0 |
_aExploration warehousing : _bturning business information into business opportunity / _cW.H. Inmon, R.H. Terdeman, Claudia Imhoff. |
| 260 |
_aNew York : _bWiley,2000 _cc2000. |
||
| 300 |
_axviii, 254 p. : _bill. ; _c25 cm. |
||
| 500 | _aIncludes index. | ||
| 500 | _adistributer: Al-Ahram | ||
| 511 | _acatalogued by: wessam | ||
| 650 | 0 | _aMarketing. | |
| 650 | 0 | _aConsumer behavior. | |
| 650 | 0 | _aData warehousing. | |
| 650 | 0 | _aDatabase management. | |
| 700 | 1 |
_aTerdeman, R. H. _q(Robert H.) |
|
| 700 | 1 | _aImhoff, Claudia. | |
| 856 | 4 |
_3Table of Contents _uhttp://www.loc.gov/catdir/toc/onix04/00027525.html |
|
| 856 | 4 |
_3Contributor biographical information _uhttp://www.loc.gov/catdir/enhancements/fy0706/00027525-b.html |
|
| 856 | 4 |
_3Publisher description _uhttp://www.loc.gov/catdir/enhancements/fy0706/00027525-d.html |
|
| 942 |
_cBB _k658.40380285574INM |
||
| 999 |
_c7517 _d7517 |
||